Deutsch für Abendkurse /

Salvato in:
Dettagli Bibliografici
Autore principale: Schröter, F.W (autor)
Natura: Libro
Lingua:German
Pubblicazione: México : editorial no identificada, 1941, c1941
Soggetti:
Tags: Aggiungi Tag
Nessun Tag, puoi essere il primo ad aggiungerne!!

MARC

LEADER 00000nam^a2200000^a^4500
001 000358046
005 20260320000000.0
009 20260526141828.31
037 |a Acervo Xavier Clavigero 
041 |a ALE 
082 |a 435.  |b SCH 
100 |a Schröter, F.W.  |e (autor) 
245 1 0 |a Deutsch für Abendkurse /  |c F.W. Schröter. 
264 4 |a México :  |b editorial no identificada,  |c 1941, c1941 
300 |a 2 v. (111, 207 p.) 
336 |a texto  |b txt  |2 rdacontenido 
337 |a sin mediación  |b n  |2 rdamedio 
338 |a volumen  |b nc  |2 rdasoporte 
649 |a XX 
650 |a Alemán como Lengua Extranjera -  |x Estudio y Enseñanza -  |x Tema Principal 
650 |a Alemán -  |x Estudio y Enseñanza 
650 |a Gramática 
650 |a Lenguas Germánicas 
650 |a Lenguas Indo-Europeas 
650 |a Lingüística 
910 |a Fondo General 
920 |a Impresos - Libros 
930 |a Colección General 
905 |a 101 
901 |a 020840  |b IT1  |c ACC  |d BD  |i D  |u 20260320 
901 |a 020839  |b IT1  |c ACC  |i D  |u 20250521 
902 |a https://opac.biblio.iteso.mx/vufind/Record/000358046